Online Catalogue and eLibrary

The evolutionary emergence of language : (Record no. 2996)

MARC details
000 -LEADER
fixed length control field 00616nam a2200205Ia 4500
005 - DATE AND TIME OF LATEST TRANSACTION
control field 20240814023807.0
008 - FIXED-LENGTH DATA ELEMENTS--GENERAL INFORMATION
fixed length control field 240331s9999 xx 000 0 und d
020 ## - INTERNATIONAL STANDARD BOOK NUMBER
ISBN 0521786967
082 ## - DDC Classification
Class No. 401
Item Number - Author Mark THE
245 #4 - TITLE STATEMENT
Title The evolutionary emergence of language :
Remainder of title Social function and the origins of linguistic form
260 ## - PUBLICATION, DISTRIBUTION, ETC.
Place of publication, distribution, etc. UK
Name of publisher, distributor, etc. Cambridge university press
Date of publication, distribution, etc. 2000
300 ## - PHYSICAL DESCRIPTION
Extent (e.g. Volumes, Pages etc.) xi, 426 p .,
650 ## - SUBJECT ADDED ENTRY--TOPICAL TERM
Topical term or geographic name entry element Language
650 ## - SUBJECT ADDED ENTRY--TOPICAL TERM
Topical term or geographic name entry element Human Evaluation
650 ## - SUBJECT ADDED ENTRY--TOPICAL TERM
Topical term or geographic name entry element Linguistic Anthropology
700 ## - ADDED ENTRY--PERSONAL NAME
Personal name Knight, Chris
Relator term (Role) Editor
700 ## - ADDED ENTRY--PERSONAL NAME
Personal name Kennedy- Studdert, Michael
Relator term (Role) Editor
700 ## - ADDED ENTRY--PERSONAL NAME
Personal name Hurford, R. James
Relator term (Role) Editor
942 ## - Koha item type (Biblio)
Koha item type Books in Stacks (Lending)
Holdings
Lost status Damaged status Collection code Home library Current library Shelving location Date acquired Full call number Accession Number Item type
    Lending WERC Library WERC Library Social Science Cupboard 03/31/2024 401EVO 4425 Books in Stacks (Lending)

© WERC Library